Máte také málo času? plánování a rozvrhování práce

Saved in:
Bibliographic Details
Main Author: Pavelka, Karol
Format: Book
Language:Czech
Published: Praha Svoboda 1970
Series:Racionalizace práce vedoucího
Tags: Add Tag
No Tags, Be the first to tag this record!

MARC

LEADER 00000nam a2200000 4500
001 c104647
005 20230105083744.0
041 0 |a cze 
044 |a CZ 
245 1 0 |a Máte také málo času?  |b plánování a rozvrhování práce  |c Karol Pavelka 
264 1 |a Praha  |b Svoboda  |c 1970 
300 |a 130 s. 
490 1 |a Racionalizace práce vedoucího 
830 0 |a Racionalizace práce vedoucího 
100 1 |a Pavelka, Karol